00553nam a2200145Ia 4500008004100000024004200041082001600083100006200099245003800161260002500199600002100224650003800245952010700283999001700390250506s9999 xx 000 0 und d a10B-008-BS, 10B-25-BS & 10B-36-BS a005.072 HAM aHammad Hanif Mansoor, Syed Shahrooz Shamin & Bilawal Alee 0aAcademic Hub (Educational Portal) aKarachi:bUIT,c2010 aComputer Science aBachelor of Computer Science (BS) 001040708PR-CSaUITUbUITUd2022-07-26l0o005.072 HAMpBS-358r2025-05-06 11:34:04w2025-05-06yPR c27557d27557